000 00358nam a2200109 a 4500
008 110518s1993|||| d
245 1 0 _aSlovenský jazyk a literatúra
_bPrehľad stredoškolského učiva pre maturantov a uchádzačov o štúdium na vysokých školách
260 _bEnigma
_aBratislava
_c1993
020 _c10
041 _aslo
044 _axo
_cSK
999 _c19697
_d19697